Návrh postupu tvorby etického kódexu multikultúrneho podniku

Uložené v:
Podrobná bibliografia
Hlavný autor: Ďurišová, Jaroslava (Autor)
Ďalší autori: Odlerová, Eva (Vedúci práce)
Médium: Rukopis Kniha
Jazyk:Slovak
Vydavateľské údaje: 2016
Predmet:
On-line prístup:http://is.stuba.sk/zp/portal_zp.pl?podrobnosti=81155
Tagy: Pridať tag
Žiadne tagy, Buďte prvý, kto otaguje tento záznam!

MARC

LEADER 00000ntm a22000003a 4500
001 stuzp23042
003 SK-STU
005 20160907102140.3
007 ta
008 150427s2015----xo-----f-mn---000-0-slo-d
040 |a STU  |b slo 
041 0 |a slo 
100 1 |a Ďurišová, Jaroslava  |u 064000  |k Z7  |4 aut  |U MTF Materiálovotechnologická fakulta  |T MTF Ústav priemyselného inžinierstva a manažmentu  |X 2824  |U M4000  |Y 84  |7 A000002824 
242 0 1 |a Procedure of designing A Code of Ethics for multicultural company  |y eng 
245 1 0 |a Návrh postupu tvorby etického kódexu multikultúrneho podniku 
260 |c 2016 
650 4 |a personálny manažment  |2 slo 
650 4 |a etika podnikania  |2 slo 
650 4 |a etická stratégia  |2 slo 
650 4 |a etický kódex  |2 slo 
650 4 |a multikultúra  |2 slo 
650 4 |a personnel management  |2 eng 
650 4 |a multiculture  |2 eng 
650 4 |a business ethics  |2 eng 
650 4 |a strategy of ethics  |2 eng 
650 4 |a code of ethics  |2 eng 
700 1 |a Odlerová, Eva  |4 ths  |X 4165  |7 A000004165 
856 4 |u http://is.stuba.sk/zp/portal_zp.pl?podrobnosti=81155 
996 |c M* DzP-483  |l MMSKP  |s P  |a 0  |w stuzp23042_0001